书目信息 |
| 题名: |
休闲时装裁剪与制作
|
|
| 作者: | 黎丹文 著 | |
| 分册: | ||
| 出版信息: | 北京 中国轻工业出版社 2000.04 |
|
| 页数: | 257页 | |
| 开本: | 26cm | |
| 丛书名: | ||
| 单 册: | ||
| 中图分类: | TS941.71 | |
| 科图分类: | ||
| 主题词: | 服装工业 | |
| 电子资源: | ||
| ISBN: | 7-5019-2736-7 | |
| 000 | 00664nam0 2200217 450 | |
| 001 | 0777995858 | |
| 005 | 20071226214029.87 | |
| 010 | @a7-5019-2736-7@dCNY35.00 | |
| 100 | @a20071226d2000 km y0chiy0120 ea | |
| 101 | 0 | @achi |
| 102 | @aCN@b110000 | |
| 200 | 1 | @a休闲时装裁剪与制作@Axiu xian shi zhuang cai jian yu zhi zuo@e新款200例@f黎丹文著@Fli dan wen zhu |
| 210 | @a北京@c中国轻工业出版社@d2000.04 | |
| 215 | @a257页@d26cm | |
| 517 | 1 | @a新款200例@Axin kuan 200 li |
| 606 | 0 | @a服装工业 |
| 690 | @aTS941.71@v4 | |
| 701 | 0 | @a黎丹文@Ali dan wen@4著 |
| 801 | 0 | @aCN@b大连网信软件有限公司图书馆@c20071226 |
| 905 | @aBZT@dTS941.71@e1 | |
| 906 | @dCNY35.00@n0@r1 | |
| 休闲时装裁剪与制作:新款200例/黎丹文著.-北京:中国轻工业出版社,2000.04 |
| 257页;26cm |
| ISBN 7-5019-2736-7:CNY35.00 |
| ● |
| 相关链接 |
|
|
|
正题名:休闲时装裁剪与制作
索取号:TS941.71/1
 
预约/预借
| 序号 | 登录号 | 条形码 | 馆藏地/架位号 | 状态 | 备注 |
| 1 | 639475 | 2000639475 | 中心书库中库/ 中库024架B面6列2层32/ [索取号:TS941.71/1] | 在馆 | |
| 2 | 639476 | 2000639476 | 中心书库中库/ 中库025架B面5列4层33/ [索取号:TS941.71/1] | 在馆 | |
| 3 | 639477 | 2000639477 | 中心书库中库/ 中库024架B面6列2层29/ [索取号:TS941.71/1] | 在馆 | |
| 4 | 639478 | 2000639478 | 中心书库中库/ 中库024架B面6列2层28/ [索取号:TS941.71/1] | 在馆 | |
| 5 | 639479 | 2000639479 | 中心书库中库/ 中库024架B面6列2层31/ [索取号:TS941.71/1] | 在馆 | |
| 6 | 639480 | 2000639480 | 中心书库中库/ 中库024架B面6列2层34/ [索取号:TS941.71/1] | 在馆 | |
| 7 | 639481 | 2000639481 | 中心书库中库/ 中库024架B面6列2层35/ [索取号:TS941.71/1] | 在馆 | |
| 8 | 639482 | 2000639482 | 中心书库中库/ 中库024架B面6列2层33/ [索取号:TS941.71/1] | 在馆 | |
| 9 | 639483 | 2000639483 | 中心书库中库/ 中库024架B面6列2层30/ [索取号:TS941.71/1] | 在馆 | |
| 10 | 639484 | 2000639484 | 中心书库中库/ 中库024架B面5列6层19/ [索取号:TS941.71/1] | 在馆 |